000 00304nam a2200121Ia 4500
008 190216s9999||||xx |||||||||||||| ||und||
100 _aAgarwal An
245 0 _aIndian Economy Nature Problems And Progress
260 _bVikas Publishing House
_c1976
300 _a622p
650 _aEconomics
942 _cBK
999 _c9294
_d9294